| 000 | 00795nam a2200289 a 4500 | ||
|---|---|---|---|
| 003 | AR-BaBNM | ||
| 005 | 20251128202822.0 | ||
| 008 | 082120s2002 ||||||||||||||000 | spa|| | ||
| 040 | _cAR-BaBNM | ||
| 100 | 1 | _aVallone, Aldo | |
| 245 | 0 | 0 | _aPirandello |
| 260 |
_aBuenos Aires _bColumba _c1962 |
||
| 300 |
_a85 p. _bil. |
||
| 490 | 0 |
_aHombres inquietos _vv. 3 |
|
| 500 | _aContiene referencias bibliográficas en p. 77 | ||
| 650 | 4 | _aBIOGRAFIAS | |
| 650 | 4 | _aLITERATURA ITALIANA | |
| 650 | 4 | _aFILOSOFIA LITERARIA | |
| 650 | 4 | _aLITERATURA CONTEMPORANEA | |
| 650 | 4 | _aCRITICA LITERARIA | |
| 653 | _aVANGUARDIAS LITERARIAS | ||
| 655 | _aBIOGRAFIAS | ||
| 700 | 1 |
_aGarasa, DelfĂn Leocadio _etraductor |
|
| 800 | 1 |
_aSciacca, Michele Federico _edirector |
|
| 942 | _cBK | ||
| 998 | _cMARTIN | ||
| 999 |
_c718 _d718 |
||